Normal view
MARC view
- Trade and professional associations.
Entry Topical Term
001 - CONTROL NUMBER
- control field: 43028
003 - CONTROL NUMBER IDENTIFIER
- control field: OSt
005 - DATE AND TIME OF LATEST TRANSACTION
- control field: 20210216101835.0
008 - FIXED-LENGTH DATA ELEMENTS
- fixed length control field: 210216|| aca||aabn | a|a d
040 ## - CATALOGING SOURCE
- Original cataloging agency: OSt
- Transcribing agency: OSt
150 ## - HEADING--TOPICAL TERM
- Topical term or geographic name entry element: Trade and professional associations.
670 ## - SOURCE DATA FOUND
- Source citation: Work cat.: (OSt): Barry, Joanne S. 42861, Building a professional community online/, ©2011.
